00323pab a2200121 454500008004000000100002100040245006400061260000900125300001100134362001100145650002500156773002000181180718b1983 xxu||||| |||| 00| 0 eng d aTickamyer, Ann R aRural - urban influencess on legislative power and decision c1983 a133-47 aSpring aLegislators - U.S.A. aRural Sociology